000 00810nam a2200253 a 4500
001 62554
003 BD-RjUL
005 20211209081110.0
008 170124s1979 nju b 001 0 eng d
020 _a0139376070
020 _a0139375996 (pbk.)
035 _a(BD-RjUL)62680
040 _aDLC
_cDLC
_dDLC
_dBD-RjUL
_beng
041 _aeng
082 0 0 _a813.54
_223
_bJOH 1979
245 0 0 _aJohn Updike :
_ba collection of critical essays /
_cedited by David Thorburn and Howard Eiland.
260 _aEnglewood Cliffs, N.J. :
_bPrentice-Hall,
_cc1979.
300 _aix, 222 p. ;
_c21 cm.
504 _aIncludes Bibliography and index.
600 1 0 _aUpdike, John
_xCriticism and interpretation.
_9185983
700 1 _aThorburn, David,
_cPh. D.
_9185978
700 1 _aEiland, Howard.
_9185979
942 _2ddc
_cBK
999 _c62554
_d62554